| 000 | 00637nam a22001937a 4500 | ||
|---|---|---|---|
| 005 | 20130821152123.0 | ||
| 010 | _aB-523895-912 | ||
| 020 |
_a9788184776973 _c150.00 |
||
| 035 | _aB-523895-912 | ||
| 037 |
_adpl _bKBD/Ven |
||
| 082 | _aS | ||
| 100 | _aRao, Adithi | ||
| 245 |
_aShakuntala : _band other timeless tales from ancient India / _cby Adithi Rao |
||
| 260 |
_aNew Delhi _bScholastic |
||
| 270 |
_aGolf Vie Corporate Toer-A, 3rd Floor DLF Phase _bV.Gurgaon _e122002 |
||
| 300 |
_a172p. _c19cm(pbk) |
||
| 942 |
_2ddc _cCH _mRAO _hS |
||
| 999 |
_c78410 _d78410 |
||